Inside the Timex Sinclair 2000 Computer (Record no. 247204)

MARC details
000 -LEADER
fixed length control field 00505nam a2200193Ia 4500
008 - FIXED-LENGTH DATA ELEMENTS--GENERAL INFORMATION
fixed length control field 240921s9999||||xx |||||||||||||| ||und||
082 ## - DEWEY DECIMAL CLASSIFICATION NUMBER
-- 004.7 M4
100 ## - MAIN ENTRY--PERSONAL NAME
Personal name Naylor,Jeff
245 #0 - TITLE STATEMENT
Title Inside the Timex Sinclair 2000 Computer
250 ## - EDITION STATEMENT
Edition statement 1st
260 ## - PUBLICATION, DISTRIBUTION, ETC. (IMPRINT)
Date of publication, distribution, etc 1984
Name of publisher, distributor, etc Sunshine,London
500 ## - GENERAL NOTE
General note A Guide to the anatomy of the Hardware
650 ## - SUBJECT ADDED ENTRY--TOPICAL TERM
Topical term or geographic name as entry element Computer Science
700 ## - ADDED ENTRY--PERSONAL NAME
Personal name Rogers,Diane
942 ## - ADDED ENTRY ELEMENTS (KOHA)
Item type Books
Holdings
Withdrawn status Lost status Damaged status Permanent location Current location Shelving location Date acquired Source of acquisition Cost, normal purchase price Full call number Barcode Date last seen Koha item type
      CENTRAL LIBRARY, NOORUL ISLAM CENTRE FOR HIGHER EDUCATION CENTRAL LIBRARY, NOORUL ISLAM CENTRE FOR HIGHER EDUCATION   05/09/2003 Madras Book House 588.00 004.7 M4 159 09/21/2024 Books
Visitors:
Copyright © 2024 Central Library NICHE.  All rights reserved.